LEADER 01397nam a2200301 a 4500 001 000000138778 003 CaOOAMICUS 005 20140611141340.0 008 140611s2014 it aef u000 u ita r 020 $a978-88-250-3733-3 040 $aPUL$bita 245 03$aLa liminalità del rito /$c[saggi di] G. Bonaccorso ... [et al.] ; a cura di Giorgio Bonaccorso. 260 $aPadova :$bEdizioni Messaggero ;$aPadova :$bAbbazia di S. Giustina,$c©2014. 300 $a342 p., [8] c. di tav. :$bill., piante ;$c21 cm 490 1 $aCaro salutis cardo.$aContributi ;$v28 504 $aInclude riferimenti bibliografici ed indice. 650 4$aLiturgia$xRito.$0(OLS)http://pul/subject/36941 650 4$aTeologia liturgica.$0(OLS)http://pul/subject/23724 700 1 $aBonaccorso, Giorgio.$0(OLS)http://pul/name/31387 830 0$aCaro salutis cardo.$pContributi ;$v28.$0(OLS)http://pul/title/45949 850 $aPUL 852 $aPUL$W1$xSL Religione 1$y3$m11 N 12.1.28$j160197$qStampati$B159645$CPULBib$Z2$F159645 $H124204 $82 941 1 $a8 996 $6020$a978-88-250-3733-3$9(OLS)http://pul/number/155501 996 $6245$aLa liminalità del rito$9(OLS)http://pul/title/175704 996 $6260$aPadova :$bEdizioni Messaggero$9(OLS)http://pul/publisher/51217 996 $6260$aPadova :$bAbbazia di S. Giustina$9(OLS)http://pul/publisher/67660 LEADER 02612nam a2200457 a 4500 001 000000163216 003 CaOOAMICUS 005 20171006105235.0 008 171006s2017 gw a u001 u eng r 020 $a9783161539183 (set)* 032 $aLibriCat 040 $aPUL$bita 041 0 $aeng$ager 245 04$aThe Eucharist - its origins and contexts :$bsacred meal, communal meal, table fellowship in late antiquity, early Judaism, and early Christianity /$cedited by David Hellholm and Dieter Sänger. 260 $aTübingen :$bMohr Siebeck,$c©2017. 300 $a3 v. :$bill. ;$c24 cm. 490 1 $aWissenschaftliche Untersuchungen zum Neuen Testament ;$v376 504 $aRiferimenti bibliografici e indici. 505 0 $aV. I. Old Testament, early Judaism, New Testament. -- v. II. Patristic traditions, iconography. -- v. III. Near Eastern and Greco-Roman traditions, archaeology. 546 $aContributi in inglese e tedesco. 650 4$aEucaristia.$0(OLS)http://pul/subject/1539 700 1 $aHellholm, David.$0(OLS)http://pul/name/8055 700 1 $aSänger, Dieter.$0(OLS)http://pul/name/49261 740 02$aNear Eastern and Greco-Roman traditions, archaeology. 740 02$aPatristic traditions, iconography. 740 02$aOld Testament, early Judaism, New Testament. 830 0$aWissenschaftliche Untersuchungen zum Neuen Testament ;$v376.$0(OLS)http://pul/title/8628 850 $aPUL 852 $aPUL$W1$xSL Religione 1$y3$m16 H 376.1$j187263$bv. 1$qStampati$B190429$CPULBib$Z2$F190429 $H130103 $81 852 $aPUL$W1$xSL Religione 1$y3$m16 H 376.2$j187264$bv. 2$qStampati$B190430$CPULBib$Z2$F190430 $H130104 $81 852 $aPUL$W1$xSL Religione 1$y3$m16 H 376.3$j187265$bv. 3$qStampati$B190431$CPULBib$Z2$F190431 $H130105 $81 941 1 $a8 960 $aEucarestia$91539 960 $aComunione (sacramento)$91539 996 $6020$a9783161539183 (set)*$9(OLS)http://pul/number/163177 996 $6245$aThe Eucharist - its origins and contexts :$bsacred meal, communal meal, table fellowship in late antiquity, early Judaism, and early Christianity$9(OLS)http://pul/title/202947 996 $6740$aNear Eastern and Greco-Roman traditions, archaeology$9(OLS)http://pul/title/202951 996 $6740$aPatristic traditions, iconography$9(OLS)http://pul/title/202950 996 $6740$aOld Testament, early Judaism, New Testament$9(OLS)http://pul/title/202949 996 $6260$aTübingen :$bMohr Siebeck$9(OLS)http://pul/publisher/52004